| 000 | 00772nam a22002177a 4500 | ||
|---|---|---|---|
| 999 |
_c16756 _d16756 |
||
| 003 | AR-CdUCM | ||
| 008 | 190506b ||||| |||| 00| 0 spa d | ||
| 040 |
_aMUNICIPALIDAD PROVINCIAL DEL CUSCO _cBIBLIOTECA MUNICIPAL DEL CUSCO |
||
| 082 |
_a370.82 / _bT78 |
||
| 100 |
_aTrejo, César A. _922954 |
||
| 245 | _aEnseñanza de la matemática moderna en el primer curso / | ||
| 260 |
_aBuenos Aires : _bEUDEBA, _c1966. |
||
| 300 |
_avii-ix, 109 paginas ; _c22 cm. |
||
| 505 | _aContenido :Bases matemáticas pedagógicas del texto elemental --Referencias ordenadas al texto elemental / | ||
| 650 |
_aMatemáticas _99398 |
||
| 650 |
_aEstudio _94228 |
||
| 650 |
_aEnseñanza _91616 |
||
| 700 |
_aBosch, Jorge E. _936390 |
||
| 942 |
_2ddc _cLIBROS |
||
| 945 |
_arjall _d2019-05-06 |
||